Exploring black holes : (Record no. 29058)
[ view plain ]
| 000 -LEADER | |
|---|---|
| fixed length control field | 00613 a2200169 4500 |
| 020 ## - INTERNATIONAL STANDARD BOOK NUMBER | |
| International Standard Book Number | 020138423X |
| 020 ## - INTERNATIONAL STANDARD BOOK NUMBER | |
| International Standard Book Number | 9780201384239 |
| 082 04 - DEWEY DECIMAL CLASSIFICATION NUMBER | |
| Classification number | 530.11 |
| 090 ## - LOCALLY ASSIGNED LC-TYPE CALL NUMBER (OCLC); LOCAL CALL NUMBER (RLIN) | |
| -- | 426 |
| -- | 426 |
| 100 1# - MAIN ENTRY--PERSONAL NAME | |
| Personal name | Taylor, Edwin F. |
| 245 10 - TITLE STATEMENT | |
| Title | Exploring black holes : |
| Remainder of title | introduction to general relativity / |
| Statement of responsibility, etc. | Edwin F. Taylor, John Archibald Wheeler. |
| 260 ## - PUBLICATION, DISTRIBUTION, ETC. | |
| Place of publication, distribution, etc. | [S.l.] : |
| Name of publisher, distributor, etc. | Addison Wesley Longman, |
| Date of publication, distribution, etc. | 2000. |
| 300 ## - PHYSICAL DESCRIPTION | |
| Extent | 352 p. ; |
| Dimensions | 26 cm. |
| 700 1# - ADDED ENTRY--PERSONAL NAME | |
| Personal name | Wheeler, John Archibald. |
| 942 ## - ADDED ENTRY ELEMENTS (KOHA) | |
| Institution code [OBSOLETE] | SNS |
| Koha item type | Book |
| Call number prefix | 530.11 TAY |
| Withdrawn status | Lost status | Damaged status | Not for loan | Permanent Location | Current Location | Date acquired | Total Checkouts | Total Renewals | Full call number | Barcode | Date last seen | Date last checked out | Price effective from | Koha item type |
|---|---|---|---|---|---|---|---|---|---|---|---|---|---|---|
| School of Natural Sciences (SNS) | School of Natural Sciences (SNS) | 05/26/2016 | 2 | 3 | 530.11 TAY | SNS0000356 | 01/05/2026 | 09/29/2025 | 05/26/2016 | Book |
